=LDR 00000nam 2200000 4500 =001 000146 =020 $9786237778035 =082 $658.299 =100 $Brian Adam =245 $Seni mengelola waktu =250 $Cetakan IX =264 $Yogyakarta: Bright Publisher 2024 =300 $viii, 184 halaman; 20 cm. =650 $Manajemen =905 $658.3 BRI s =336 $$a =337 $$a =338 $$a =005 20260702151432.0 =008 260702s2026\\\\\\\\\\\\\\\\\\\\\\\\\\\\\\\\\\\\\\\\\